02169nam a2200325 a 4500003000900000005001700009007000300026008004100029040002500070082002600095245018100121260003600302300003500338500005200373500007400425505080200499650007001301650006201371651004801433651005001481700002901531700003401560700002401594700003201618700002801650700002701678700003401705700002901739710007501768DO-SdBNP20230306100918.0ta221103e2004 dr ab||gr|||| 001 e spa d aDO-SdBNPbspacBPMSU 4a337.1bG562i 200422210aGlobalización e intermediación urbana en América latina /cConcepción Álvarez...[et. al.]; compilador y coordinador, Haroldo Dilla Alfonso; editor, Enrique Soldevilla aSanto Domingo :bFLACSO,c2004, a274 p. :bil., mapas ;c21 cm. aIncluye biografía de los autores p. 271 - 274 aIncluye referencias bibliográficas y notas al pie de las páginas. aPresentación.tCiudades intermedias: ¿Una nueva oportunidad para un desarrollo regional coherente en América Latina?tL territorialidad de la acción pública: Nuevas cuestiones urbanas frente a los cambios globales.--tActores sociales de fin de siglo en la sociedad urbana contemporánea: Las prácticas sociales de transformación de los espacios urbanos.--tHabana 2050.--tLogros, desafíos y perspectivas delas ciudades intermedias cubanas.--tSanta Clara y sus retos hacia un desarrollo sostenible.--tBayamo, una ciudad en desarrollo.--tDentro ofuera: Bordeando los límites de Santo Domingo.--tRetos y desafíos de la ciudad de Santiago de los Caballeros en los procesos de intermediación urbana.--tIntermediación urbana fronteriza en República Dominicana.tAutores. 4aGlobalizaciónz América Latina vCongresos, conferencias, etc 4aRehabilitación urbana xCongresos, conferencias, etcz  4aAmérica Latina xCondiciones económicas 4a América Latina xIntegración económica1 aÁlvarez, Concepción 1 aBenavides González, Aleida 1 aBolay, Jean-Claude 1 aCatenazzi, Andrea Claudia 1 a Corral, Julio César 1 aCotto-Morales, Liliana1 aDilla Alfonso, Haroldoecomp.1 aSoldevilla, Enriqueeed.2 aFacultad Latinoamericana de Ciencias Sociales (República Dominicana)